<?xml version="1.0" encoding="UTF-8"?>
<record
    xmlns:xsi="http://www.w3.org/2001/XMLSchema-instance"
    xsi:schemaLocation="http://www.loc.gov/MARC21/slim http://www.loc.gov/standards/marcxml/schema/MARC21slim.xsd"
    xmlns="http://www.loc.gov/MARC21/slim">

  <leader>00945nam a22002057a 4500</leader>
  <controlfield tag="005">20240927173124.0</controlfield>
  <datafield tag="010" ind1=" " ind2=" ">
    <subfield code="a">HIN-128376</subfield>
  </datafield>
  <datafield tag="020" ind1=" " ind2=" ">
    <subfield code="a">9788180591761</subfield>
    <subfield code="c">450.00</subfield>
  </datafield>
  <datafield tag="035" ind1=" " ind2=" ">
    <subfield code="a">HN-100722</subfield>
  </datafield>
  <datafield tag="037" ind1=" " ind2=" ">
    <subfield code="b">DBAD</subfield>
  </datafield>
  <datafield tag="082" ind1=" " ind2=" ">
    <subfield code="a">820.08</subfield>
  </datafield>
  <datafield tag="100" ind1=" " ind2=" ">
    <subfield code="a">&#x915;&#x93E;&#x92E;&#x942;, &#x911;&#x932;&#x94D;&#x935;&#x947;&#x92F;&#x930; </subfield>
    <subfield code="9">72158</subfield>
  </datafield>
  <datafield tag="245" ind1=" " ind2=" ">
    <subfield code="a">&#x92A;&#x94D;&#x932;&#x947;&#x917;/</subfield>
    <subfield code="c">&#x911;&#x932;&#x94D;&#x935;&#x947;&#x92F;&#x930; &#x915;&#x93E;&#x92E;&#x942;; &#x930;&#x923;&#x91C;&#x940;&#x924; &#x938;&#x93F;&#x902;&#x939; &#x926;&#x94D;&#x935;&#x93E;&#x930;&#x93E; &#x905;&#x928;&#x941;&#x935;&#x93E;&#x926;&#x93F;&#x924; </subfield>
  </datafield>
  <datafield tag="250" ind1=" " ind2=" ">
    <subfield code="a">1 </subfield>
  </datafield>
  <datafield tag="260" ind1=" " ind2=" ">
    <subfield code="a">&#x926;&#x93F;&#x932;&#x94D;&#x932;&#x940; </subfield>
    <subfield code="b">&#x936;&#x94D;&#x930;&#x940; &#x92A;&#x94D;&#x930;&#x915;&#x93E;&#x936;&#x928; </subfield>
    <subfield code="c">2021 </subfield>
  </datafield>
  <datafield tag="270" ind1=" " ind2=" ">
    <subfield code="a">&#x90F; - 402 &#x935;&#x93F;&#x926;&#x94D;&#x92F;&#x941;&#x924; &#x905;&#x92A;&#x93E;&#x930;&#x94D;&#x91F;&#x92E;&#x947;&#x902;&#x91F; , 81 &#x906;&#x908; .&#x92A;&#x940; . &#x90F;&#x915;&#x94D;&#x938;&#x91F;&#x947;&#x902;&#x936;&#x928;, &#x92A;&#x91F;&#x92A;&#x921;&#x917;&#x902;&#x91C;</subfield>
    <subfield code="b">&#x926;&#x93F;&#x932;&#x94D;&#x932;&#x940; </subfield>
    <subfield code="e">110092 </subfield>
    <subfield code="m">shilalekhboks@gmail.com</subfield>
  </datafield>
  <datafield tag="300" ind1=" " ind2=" ">
    <subfield code="a">256 &#x92A;&#x943;.</subfield>
    <subfield code="c">23  &#x938;&#x947;&#x92E;&#x940; (&#x938;&#x91C;&#x93F;&#x932;&#x94D;&#x926;)</subfield>
  </datafield>
  <datafield tag="700" ind1=" " ind2=" ">
    <subfield code="a">&#x930;&#x923;&#x91C;&#x940;&#x924; &#x938;&#x93F;&#x902;&#x939;</subfield>
    <subfield code="e">&#x905;&#x928;&#x941;&#x935;&#x93E;&#x926;&#x915; </subfield>
    <subfield code="9">71258</subfield>
  </datafield>
  <datafield tag="942" ind1=" " ind2=" ">
    <subfield code="2">ddc</subfield>
    <subfield code="c">HN</subfield>
    <subfield code="h">820.08</subfield>
    <subfield code="m">&#x915;&#x93E;&#x92E;&#x942;&#x911; </subfield>
  </datafield>
  <datafield tag="999" ind1=" " ind2=" ">
    <subfield code="c">205676</subfield>
    <subfield code="d">205676</subfield>
  </datafield>
  <datafield tag="952" ind1=" " ind2=" ">
    <subfield code="0">0</subfield>
    <subfield code="1">0</subfield>
    <subfield code="4">0</subfield>
    <subfield code="7">0</subfield>
    <subfield code="8">NFIC</subfield>
    <subfield code="a">BL4</subfield>
    <subfield code="b">BL4</subfield>
    <subfield code="d">2024-09-06</subfield>
    <subfield code="e">DBAD</subfield>
    <subfield code="g">450.00</subfield>
    <subfield code="l">1</subfield>
    <subfield code="o">820.08 &#x915;&#x93E;&#x92E;&#x942;&#x911; </subfield>
    <subfield code="p">HN-100722</subfield>
    <subfield code="r">2025-01-25 00:00:00</subfield>
    <subfield code="s">2025-01-11</subfield>
    <subfield code="t">1</subfield>
    <subfield code="v">450.00</subfield>
    <subfield code="w">2024-09-06</subfield>
    <subfield code="y">HN</subfield>
  </datafield>
</record>
